Statistics for Countries Closest to Tuvalu - 30 Second Sprint

Click here to take the quiz!

General Stats

  • This quiz has been taken 54 times
  • The average score is 11 of 20

Answer Stats

kmcountry% Correct
3199Australia
88%
318Fiji
84%
1160Nauru
84%
2946New Zealand
84%
749Tonga
84%
893Samoa
79%
1364Solomon Islands
77%
1303Vanuatu
77%
4827Palau
72%
1399Marshall Islands
70%
2226Papua New Guinea
67%
343Kiribati
63%
3409Micronesia
58%
3883Indonesia
44%
4002United States
30%
5679Philippines
26%
5393Timor-Leste
21%
6427Malaysia
14%
1604Cook Islands
0%
1460Niue
0%

Score Distribution

Percentile by Number Answered

Percent of People with Each Score

Your Score History

You have not taken this quiz